El principio general de la buena fe en el derecho administrativo
Պահպանված է:
| Հիմնական հեղինակ: | |
|---|---|
| Ձևաչափ: | Գիրք |
| Լեզու: | իսպաներեն |
| Հրապարակվել է: |
Madrid
Civitas
1983
|
| Շարք: | Civitas Monografías
|
| Խորագրեր: | |
| Ցուցիչներ: |
Ավելացրեք ցուցիչ
Չկան պիտակներ, Եղեք առաջինը, ով նշում է այս գրառումը!
|
MARC
| LEADER | 00000nam a2200000 a 4500 | ||
|---|---|---|---|
| 001 | UCS0450 | ||
| 003 | CL-VaPUC | ||
| 008 | 970426e19830000SP |||||||||||||||||spa|d | ||
| 082 | 0 | 4 | |a 342.06 |b GON |2 21 |
| 100 | |a González Pérez, Jesús |e author |9 432119 | ||
| 245 | 1 | 3 | |a El principio general de la buena fe en el derecho administrativo |
| 300 | |a 160 p | ||
| 942 | |c BK | ||
| 945 | |d 19970426 00:00:00 |a cmena | ||
| 260 | |a Madrid |b Civitas |c 1983 | ||
| 650 | 0 | |a Derecho administrativo |9 254851 | |
| 650 | 0 | |a Administración pública |9 255343 | |
| 650 | 0 | |a Buena fe |9 383961 | |
| 650 | 0 | |a Derecho tributario |9 258895 | |
| 650 | 0 | |a Código civil |9 256135 | |
| 650 | 7 | |a POTESTAD LEGISLATIVA |2 CL-VaPUC |9 377465 | |
| 650 | 0 | |a Contratos |9 255153 | |
| 651 | 0 | |a España |9 254926 | |
| 583 | |a last modification |c 19970426 00:00:00 |k Rodrigo Vera | ||
| 490 | 0 | |a Civitas Monografías | |
| 999 | |c 258678 |d 258676 | ||
| 952 | |0 0 |1 0 |4 0 |6 342_060000000000000_GON_1983 |7 0 |8 A |9 282940 |a BIBDER |b BIBDER |d 2019-11-19 |i 1837567 |o 342.06 GON 1983 |p 1837567 |r 2025-03-10 |w 2019-11-19 |y BK |k DER | ||